| 000 | 03389nam a2200529 c 4500 | ||
|---|---|---|---|
| 003 | BLK | ||
| 005 | 20250220092021.0 | ||
| 008 | 180411b bul|||||r ||||||| ||bul|| | ||
| 010 | _aKNG00174239000 | ||
| 020 |
_a978-619-176-034-3 _bиздат.: Гутенберг |
||
| 040 | _aBLK | ||
| 041 |
_aBUL _cBUL _hFRE |
||
| 072 | 7 |
_2bullib _aН92 _xИстория Н |
|
| 080 |
_aВоенна история - Военни походи, битки, героични подвизи. Вж и 93/99 _b355.48 _x(497.2+560)"1914/18"(093.2) _z355.48(497.2+560)"1914/18"(093.2) |
||
| 700 | 1 |
_aКуманов, Милен Костадинов _9364365 |
|
| 700 | 1 |
_aЕюп, Кемал _eсъстав. _gАдил, Кемал Еюп _9368480 |
|
| 700 |
_aКоев, Иван _9314021 |
||
| 700 | 1 |
_aЕюп, Кемал _eуводни думи от _gАдил, Кемал Еюп _9368480 |
|
| 700 | 1 |
_aКънев, Анатолий _eуводни думи от _9337138 |
|
| 700 | 1 |
_aАдил, Кемал Еюп _e* _9337139 |
|
| 139 |
_aБългаро-турски военни отношения през Първата световна война (1914 - 1918) _bБ 92 |
||
| 245 | 1 | 0 |
_aБългаро-турски военни отношения през Първата световна война (1914 - 1918) _bСб. от док. _cсъстав. Милен Костадинов Куманов; състав. Кемал Еюп; състав. Иван Коев; уводни думи от Кемал Еюп; уводни думи от Анатолий Кънев; * Кемал Еюп Адил. |
| 246 | 1 | 1 | _aBirinci dunya savasi sirasinda bulgar-turk askeri isbirligi (1914 - 1918) : Belgeler |
| 250 | _a2. изд. | ||
| 257 | _aSB | ||
| 260 |
_аСофия _bГутенберг _c2015 _fСофия : Симолини |
||
| 300 |
_a680 с. _bс табл., факс. _c24 см |
||
| 380 | _a9 | ||
| 500 | _a1. изд. 2004. - Пълното име на състав. К. Еюп е Кемал Еюп Адил. - Именен показалец, Географски показалец. - Текст и на фр. ез. - Съдържа и Списък на наградените турски военнослужещи с български ордени и медали през Първата световна война ; Списък на наградените български военнослужещи с турски ордени и медали през Първата световна война. - Офс. изд. | ||
| 650 | 4 |
_aБългария - военна история - архивни документи _9283221 |
|
| 650 | 4 |
_aТурция - военна история - документи _9337140 |
|
| 650 | 4 |
_aПърва световна война - документи _9337141 |
|
| 650 | 4 |
_aБългария и Турция _9283222 |
|
| 650 | 0 |
_aБългария - военно дело _9282365 |
|
| 651 | 4 |
_aБългария _9241624 |
|
| 651 | 4 |
_aТурция _9179691 |
|
| 653 | _aПърва световна война | ||
| 653 | _aвоенна история | ||
| 653 | _aдокументи | ||
| 659 | _aН | ||
| 852 | _aЦб 273809 | ||
| 856 | 4 |
_qpdf _u |
|
| 856 | 4 |
_qpdf _u |
|
| 942 |
_cKNG _n0 _01 |
||
| 944 |
_aCR _c17.04.2015 _lГеновева Генчева _k30560 |
||
| 944 |
_aED _c08.05.2015 _lф / _kЛюдмила_Стоянова |
||
| 999 |
_c166520 _d166520 |
||